<?xml version="1.0" encoding="UTF-8"?><?xml-stylesheet type="text/xsl" href="static/style.xsl"?><OAI-PMH xmlns="http://www.openarchives.org/OAI/2.0/" xmlns:xsi="http://www.w3.org/2001/XMLSchema-instance" xsi:schemaLocation="http://www.openarchives.org/OAI/2.0/ http://www.openarchives.org/OAI/2.0/OAI-PMH.xsd"><responseDate>2026-06-01T02:18:19Z</responseDate><request verb="GetRecord" identifier="oai:riuma.uma.es:10630/35402" metadataPrefix="marc">https://riuma.uma.es/rest/oai/request</request><GetRecord><record><header><identifier>oai:riuma.uma.es:10630/35402</identifier><datestamp>2026-02-03T11:17:37Z</datestamp><setSpec>com_10630_2254</setSpec><setSpec>col_10630_37953</setSpec></header><metadata><record xmlns="http://www.loc.gov/MARC21/slim" xmlns:dcterms="http://purl.org/dc/terms/" xmlns:doc="http://www.lyncode.com/xoai" xmlns:xsi="http://www.w3.org/2001/XMLSchema-instance" xsi:schemaLocation="http://www.loc.gov/MARC21/slim http://www.loc.gov/standards/marcxml/schema/MARC21slim.xsd">
   <leader>00925njm 22002777a 4500</leader>
   <datafield ind2=" " ind1=" " tag="042">
      <subfield code="a">dc</subfield>
   </datafield>
   <datafield ind2=" " ind1=" " tag="720">
      <subfield code="a">García-Caballero, Melissa</subfield>
      <subfield code="e">author</subfield>
   </datafield>
   <datafield ind2=" " ind1=" " tag="720">
      <subfield code="a">Zecchin, Annalisa</subfield>
      <subfield code="e">author</subfield>
   </datafield>
   <datafield ind2=" " ind1=" " tag="720">
      <subfield code="a">Souffreau, Joris</subfield>
      <subfield code="e">author</subfield>
   </datafield>
   <datafield ind2=" " ind1=" " tag="720">
      <subfield code="a">Khanh Truong, Anh-Co</subfield>
      <subfield code="e">author</subfield>
   </datafield>
   <datafield ind2=" " ind1=" " tag="720">
      <subfield code="a">Teuwen, Laure-Anne</subfield>
      <subfield code="e">author</subfield>
   </datafield>
   <datafield ind2=" " ind1=" " tag="720">
      <subfield code="a">Vermaelen, Wesley</subfield>
      <subfield code="e">author</subfield>
   </datafield>
   <datafield ind2=" " ind1=" " tag="720">
      <subfield code="a">Martín-Pérez, Rosa</subfield>
      <subfield code="e">author</subfield>
   </datafield>
   <datafield ind2=" " ind1=" " tag="720">
      <subfield code="a">de Zeeuw, Pauline</subfield>
      <subfield code="e">author</subfield>
   </datafield>
   <datafield ind2=" " ind1=" " tag="720">
      <subfield code="a">Bouché, Ann</subfield>
      <subfield code="e">author</subfield>
   </datafield>
   <datafield ind2=" " ind1=" " tag="720">
      <subfield code="a">Vinckier, Stefan</subfield>
      <subfield code="e">author</subfield>
   </datafield>
   <datafield ind2=" " ind1=" " tag="720">
      <subfield code="a">Cornelissen, Ivo</subfield>
      <subfield code="e">author</subfield>
   </datafield>
   <datafield ind2=" " ind1=" " tag="720">
      <subfield code="a">Eelen, Guy</subfield>
      <subfield code="e">author</subfield>
   </datafield>
   <datafield ind2=" " ind1=" " tag="720">
      <subfield code="a">Ghesquière, Bart</subfield>
      <subfield code="e">author</subfield>
   </datafield>
   <datafield ind2=" " ind1=" " tag="720">
      <subfield code="a">Mazzone, Massimiliano</subfield>
      <subfield code="e">author</subfield>
   </datafield>
   <datafield ind2=" " ind1=" " tag="720">
      <subfield code="a">Dewerchin, Mieke</subfield>
      <subfield code="e">author</subfield>
   </datafield>
   <datafield ind2=" " ind1=" " tag="720">
      <subfield code="a">Carmeliet, Peter</subfield>
      <subfield code="e">author</subfield>
   </datafield>
   <datafield ind2=" " ind1=" " tag="260">
      <subfield code="c">2019-07-19</subfield>
   </datafield>
   <datafield ind2=" " ind1=" " tag="520">
      <subfield code="a">Los vasos linfáticos (LV), revestidos por células endoteliales linfáticas (LEC), son indispensables para la vida1. Sin embargo, el papel del metabolismo en las LEC no se ha dilucidado por completo. En el presente estudio, se informa que la pérdida específica de LEC de OXCT1, una enzima clave de la oxidación de cuerpos cetónicos2, reduce la proliferación, la migración y la brotación de vasos de LEC in vitro y altera la linfangiogénesis en el desarrollo y la enfermedad en ratones Prox1ΔOXCT1. Mecanísticamente, el silenciamiento de OXCT1 reduce los niveles de acetil-CoA, los depósitos de metabolitos del ciclo del ácido tricarboxílico y los niveles de precursores de nucleótidos y desoxinucleótidos trifosfato necesarios para la proliferación de LEC. La suplementación de cuerpos cetónicos a las LEC induce los efectos opuestos. En particular, la elevación de los niveles de cuerpos cetónicos linfáticos mediante una dieta cetogénica alta en grasas y baja en carbohidratos o mediante la administración del cuerpo cetónico β-hidroxibutirato aumenta la linfangiogénesis después de una lesión corneal y un infarto de miocardio. Curiosamente, en un modelo de ratón de ablación microquirúrgica de LV en la cola, que repite características del linfedema adquirido en humanos, la dieta cetogénica mejora la función y el crecimiento del LV, reduce la infiltración de células inmunes antilinfangiogénicas y disminuye el edema, lo que sugiere una nueva oportunidad terapéutica dietética.</subfield>
   </datafield>
   <datafield ind1="8" ind2=" " tag="024">
      <subfield code="a">García-Caballero, M., Zecchin, A., Souffreau, J. et al. Role and therapeutic potential of dietary ketone bodies in lymph vessel growth. Nat Metab 1, 666–675 (2019). https://doi.org/10.1038/s42255-019-0087-y</subfield>
   </datafield>
   <datafield ind1="8" ind2=" " tag="024">
      <subfield code="a">https://hdl.handle.net/10630/35402</subfield>
   </datafield>
   <datafield ind1="8" ind2=" " tag="024">
      <subfield code="a">10.1038/s42255-019-0087-y</subfield>
   </datafield>
   <datafield tag="653" ind2=" " ind1=" ">
      <subfield code="a">Cetonas - Uso terapéutico - Efectividad</subfield>
   </datafield>
   <datafield tag="653" ind2=" " ind1=" ">
      <subfield code="a">Linfedema</subfield>
   </datafield>
   <datafield tag="653" ind2=" " ind1=" ">
      <subfield code="a">Linfa - Circulación - Alteraciones</subfield>
   </datafield>
   <datafield ind2="0" ind1="0" tag="245">
      <subfield code="a">Role and therapeutic potential of dietary ketone bodies in lymph vessel growth.</subfield>
   </datafield>
</record>
</metadata></record></GetRecord></OAI-PMH>